000
00228nam a2200097Ia 4500
999
_c
9750
_d
9750
100
_a
Haji, Esa Kachi
245
0
_a
Vision to Destiny:A Struggle Towards Success
260
_a
karachi
_b
Junagadh
_c
2003
300
_a
2008
942
_c
BK